Familia y discapacidad: de la vida cotidiana a la teoría
Salvato in:
| Autore principale: | |
|---|---|
| Natura: | Libro |
| Lingua: | spagnolo |
| Pubblicazione: |
Buenos Aires
Lugar
2007
|
| Edizione: | 1a. ed |
| Soggetti: | |
| Tags: |
Aggiungi Tag
Nessun Tag, puoi essere il primo ad aggiungerne!!
|
MARC
| LEADER | 00000cam a2200000 a 4500 | ||
|---|---|---|---|
| 001 | UCI1404 | ||
| 003 | CL-VaPUC | ||
| 008 | 070629e20070000AG |||||||||||||||||spa|d | ||
| 020 | |a 9789508922779 | ||
| 082 | 0 | 4 | |a 306.88 |b NUÑ |2 21 |
| 100 | |a Núñez, Blanca Aída |e autora |9 591635 | ||
| 245 | 1 | 0 | |a Familia y discapacidad: de la vida cotidiana a la teoría |
| 250 | |a 1a. ed | ||
| 300 | |a 295 p | ||
| 942 | |c BK | ||
| 945 | |d 20070629 00:00:00 |a jtorresc | ||
| 260 | |a Buenos Aires |b Lugar |c 2007 | ||
| 650 | 0 | |a Psicología |9 257863 | |
| 650 | 0 | |a Familias |9 255641 | |
| 650 | 0 | |a Vida familiar |9 308049 | |
| 650 | 0 | |a Adolescencia |9 307361 | |
| 650 | 0 | |a Vida cotidiana |9 322355 | |
| 650 | 0 | |a Discapacidad |9 374444 | |
| 583 | |a last modification |c 20160303 10:56:46 |k Rodrigo Vera | ||
| 999 | |c 326227 |d 326225 | ||
| 952 | |0 0 |1 0 |4 0 |6 306_880000000000000_NUÑ_2007 |7 0 |8 A |9 407998 |a BIBEDU |b BIBEDU |d 2019-11-22 |i 4352645 |o 306.88 NUÑ 2007 |p 4352645 |r 2019-11-22 |w 2019-11-22 |y BK |k EDI | ||
| 952 | |0 0 |1 0 |3 erb |4 0 |6 306_880000000000000_NUÑ_2007 |7 0 |8 A |9 407999 |a BIBEDU |b BIBEDU |i 5265096 |l 2 |o 306.88 NUÑ 2007 |p 5265096 |r 2022-09-22 |s 2022-08-18 |w 2019-11-22 |y BK |z Catalogado en:20160303 |k EDI | ||